Everything you should knowakout public relations (Record no. 2709)

MARC details
000 -LEADER
fixed length control field 00426nam a22001697a 4500
005 - DATE AND TIME OF LATEST TRANSACTION
control field 20160614165336.0
008 - FIXED-LENGTH DATA ELEMENTS--GENERAL INFORMATION
fixed length control field 160614b xxu||||| |||| 00| 0 eng d
020 ## - INTERNATIONAL STANDARD BOOK NUMBER
ISBN 0-7494-4232-8
041 ## - LANGUAGE CODE
Language code of text/sound track or separate title eng
082 ## - DEWEY DECIMAL CLASSIFICATION NUMBER
Item number 7582
100 ## - MAIN ENTRY--AUTHOR NAME
Personal name Daviw, anthony
245 ## - TITLE STATEMENT
Title Everything you should knowakout public relations
260 ## - PUBLICATION, DISTRIBUTION, ETC. (IMPRINT)
Name of publisher Kogen Pege India (p) ltd
Year of publication 2004
300 ## - PHYSICAL DESCRIPTION
Number of Pages 274
650 ## - SUBJECT ADDED ENTRY--TOPICAL TERM
Topical Term Management
942 ## - ADDED ENTRY ELEMENTS (KOHA)
Koha item type Books
Holdings
Lost status Damaged status Collection code Home library Current library Shelving location Date acquired Cost, normal purchase price Full call number Accession Number Koha item type
    MANAGEMENT JRU Library JRU Library SHELF-73-E 14/06/2016 395.00 7582 7582 Books
    MANAGEMENT JRU Library JRU Library SHELF-30-H 14/06/2016 395.00 7582 7583 Books
    MANAGEMENT JRU Library JRU Library SHELF-62 -N 14/06/2016 395.00 7582 7584 Books